000 00305nam a2200109Ia 4500
008 230524s9999 xx 000 0 und d
100 _aShyamal Bhattacharjee
_936625
245 0 _aNotable Quotes and Noble Thoughts
500 _aQuantity Number: 1
650 _aPersonality Development
_936626
942 _cBK
999 _c50671
_d50671